00509nam a2200145Ia 4500008004100000020001800041082001500059100002000074245007300094260003400167300001600201942000700217999001700224952012200241230801s9999||||xx |||||||||||||| ||und|| a9781455522231 a158bM4651 aMaxwell, John C 4aThe 15 invaluable laws of growth: live them and reach your potential aNew YorkbCenter Streetc2012 axiv, 265 p. cBK c27080d27080 00104070aCLbCLd2023-08-01eGifted by Shailendra S Kathait (6049) o158 M4651pG01154r2023-08-01w2023-08-01yBK